[Event "BL2 West 1819 (Women)"]
[Site "Germany"]
[Date "2018.11.18"]
[Round "4.5"]
[White "Schrader, Elanor"]
[Black "Braeutigam, Katerina"]
[Result "1/2-1/2"]
[WhiteElo "1790"]
[BlackElo "1647"]
[PlyCount "111"]
[EventDate "2018.10.27"]
[EventType "team-tourn"]
[EventRounds "7"]
[EventCountry "GER"]
[SourceTitle "CBM 190 Extra"]
[Source "ChessBase"]
[SourceDate "2019.07.15"]
[SourceVersion "1"]
[SourceVersionDate "2019.07.15"]
[SourceQuality "1"]
[WhiteTeam "Paderborn Blauer Springer (W)"]
[BlackTeam "Luebeck (W)"]
[WhiteTeamCountry "GER"]
[BlackTeamCountry "GER"]

1. e4 c6 2. d4 d5 3. e5 Bf5 4. Bd3 Bxd3 5. Qxd3 e6 6. Ne2 Ne7 7. Ng3 Nd7 8. 0-0 Qc7 9. Nd2 c5 10. c3 c4 11. Qc2 h5 12. h4 Ng6 13. Nf3 Be7 14. Bg5 Qd8 15. Qd2 Nxh4 16. Bxh4 Bxh4 17. Qf4 Be7 18. Rfe1 g5 19. Qe3 h4 20. Nf1 g4 21. N3h2 Rg8 22. Qf4 g3 23. fxg3 hxg3 24. Nxg3 Bg5 25. Qf3 Bh4 26. Rf1 Qg5 27. Qxf7+ Kd8 28. Nf3 Qxg3 29. Nxh4 Rg7 30. Qf4 Ke7 31. Qxg3 Rxg3 32. Rf4 Rag8 33. Raf1 R8g7 34. R1f2 b5 35. Nf3 Nf8 36. Ne1 Ng6 37. R4f3 Rg4 38. Kf1 Rh7 39. Nc2 Rg7 40. Ne3 Rg5 41. Rh3 Ke8 42. b3 cxb3 43. axb3 Rc7 44. Rc2 Nf8 45. c4 bxc4 46. bxc4 dxc4 47. Rxc4 Rxc4 48. Nxc4 Rg4 49. Nd6+ Kd7 50. Rd3 Kc6 51. Nc8 Kd5 52. Ne7+ Kc4 53. Ra3 Rf4+ 54. Ke2 Kxd4 55. Rxa7 Kxe5 56. Nc6+ 1/2-1/2

[Event "BL2 West 1718 (Women)"]
[Site "Germany"]
[Date "2018.01.27"]
[Round "4.5"]
[White "Weber, Daniela"]
[Black "Schrader, Elanor"]
[Result "1/2-1/2"]
[WhiteElo "1658"]
[BlackElo "1792"]
[PlyCount "57"]
[EventDate "2017.10.14"]
[EventType "team-tourn"]
[EventRounds "7"]
[EventCountry "GER"]
[SourceTitle "EXT 2019"]
[Source "ChessBase"]
[SourceDate "2018.10.10"]
[SourceVersion "1"]
[SourceVersionDate "2018.10.10"]
[SourceQuality "1"]
[WhiteTeam "Muenster SK (W)"]
[BlackTeam "Paderborn Blauer Springer (W)"]
[WhiteTeamCountry "GER"]
[BlackTeamCountry "GER"]

1. e4 c5 2. Nf3 Nc6 3. Bc4 g6 4. d4 cxd4 5. Nxd4 Bg7 6. c3 Nf6 7. f3 0-0 8. Be3 d5 9. exd5 Nxd5 10. Bxd5 Qxd5 11. Nxc6 Qxd1+ 12. Kxd1 bxc6 13. h4 Rd8+ 14. Nd2 h5 15. Kc2 Bf5+ 16. Ne4 Rd5 17. Rad1 a6 18. Kc1 Bxe4 19. fxe4 Re5 20. Rd4 Re6 21. Ra4 f5 22. Re1 fxe4 23. Bd2 Kf7 24. Raxe4 Rxe4 25. Rxe4 Bf6 26. g3 Ke8 27. Be1 Kf7 28. Rc4 Rc8 29. Ra4 1/2-1/2

[Event "GER-ch U18 Girls"]
[Site "Oberhof"]
[Date "2012.05.29"]
[Round "5"]
[White "Schulz, Anja2222"]
[Black "Schrader, Elanor"]
[Result "1/2-1/2"]
[WhiteElo "2144"]
[BlackElo "1597"]
[PlyCount "73"]
[EventDate "2012.05.27"]
[EventType "swiss"]
[EventRounds "9"]
[EventCountry "GER"]
[SourceTitle "CBM 148 Extra"]
[Source "ChessBase"]
[SourceDate "2012.06.22"]
[SourceVersion "1"]
[SourceVersionDate "2012.06.22"]
[SourceQuality "1"]

1. e4 c5 2. Nf3 Nc6 3. d4 cxd4 4. Nxd4 g6 5. Nc3 Bg7 6. Be3 Nf6 7. Bc4 0-0 8. Bb3 d6 9. f3 Bd7 10. Qd2 Nxd4 11. Bxd4 b5 12. a4 b4 13. Ne2 Qa5 14. h4 h5 15. Be3 Qe5 16. Nd4 d5 17. Bf4 Nxe4 18. fxe4 Qxd4 19. Qxd4 Bxd4 20. 0-0-0 e5 21. Bh6 Rfd8 22. Bg5 Rdc8 23. Rhf1 Rab8 24. Kb1 Rb6 25. exd5 Bf5 26. Be7 Rb7 27. d6 a5 28. Rde1 Rd7 29. Re2 Rc6 30. g4 hxg4 31. h5 Kg7 32. hxg6 fxg6 33. Bd5 Rb6 34. Be4 Bc5 35. Bxf5 gxf5 36. Rxf5 Bxd6 37. Bxd6 1/2-1/2

[Event "GER-chT U14 Girls"]
[Site "Dittrichshuette"]
[Date "2008.12.28"]
[Round "4.1"]
[White "Zimmermann, Jasmin"]
[Black "Schrader, Elanor"]
[Result "1-0"]
[WhiteElo "1057"]
[BlackElo "1304"]
[PlyCount "139"]
[EventDate "2008.12.27"]
[EventType "team-swiss"]
[EventRounds "7"]
[EventCountry "GER"]
[SourceTitle "EXT 2010"]
[Source "ChessBase"]
[SourceDate "2010.11.25"]
[SourceVersion "1"]
[SourceVersionDate "2010.11.25"]
[SourceQuality "1"]
[WhiteTeam "Harksheide"]
[BlackTeam "Porta Westfalica"]
[WhiteTeamCountry "GER"]
[BlackTeamCountry "GER"]

1. b3 e5 2. Bb2 Nc6 3. e3 a6 4. Bc4 d5 5. Bf1 Nf6 6. d4 e4 7. f3 exf3 8. Nxf3 Bg4 9. Be2 Bd6 10. 0-0 0-0 11. c4 Qe7 12. c5 Qxe3+ 13. Kh1 Bf4 14. Qd3 Qxd3 15. Bxd3 Nb4 16. Ne1 Nxd3 17. Nxd3 Bh6 18. Re1 Rfe8 19. Nc3 Bd2 20. Re5 Bxc3 21. Bxc3 Rxe5 22. Nxe5 Re8 23. Re1 Kf8 24. Bb4 c6 25. Kg1 Bh5 26. h3 Ne4 27. Kh2 f5 28. Rf1 Bg6 29. g4 Ke7 30. Nxg6+ hxg6 31. gxf5 gxf5 32. Rxf5 Rf8 33. Rxf8 Kxf8 34. Kg2 g5 35. Kf3 Ke7 36. Kg4 Ke6 37. Ba5 Kf6 38. Be1 Kg6 39. Ba5 Nf6+ 40. Kf3 Kf5 41. Bd8 Nh5 42. Bc7 Ng7 43. Be5 Ne6 44. b4 Nf8 45. Ke3 Nd7 46. Bg7 b6 47. Kf3 bxc5 48. bxc5 a5 49. a4 Nb8 50. Be5 Na6 51. Bd6 Nb4 52. Ke3 Nc2+ 53. Kd3 Nb4+ 54. Ke3 Nc2+ 55. Kd3 Ne1+ 56. Ke3 Ng2+ 57. Kf3 Nh4+ 58. Ke3 Kg6 59. Bc7 Kh5 60. Bxa5 Nf5+ 61. Kd3 Kh4 62. Bd8 Ng7 63. a5 Ne6 64. a6 Nxd8 65. a7 Ne6 66. a8Q Nf4+ 67. Kd2 Kxh3 68. Qxc6 g4 69. Qh6+ Kg3 70. c6 1-0

[Event "GER-chT U14 Girls"]
[Site "Dittrichshuette"]
[Date "2008.12.27"]
[Round "2.1"]
[White "Klek, Hanna Marie"]
[Black "Schrader, Elanor"]
[Result "1-0"]
[WhiteElo "1964"]
[BlackElo "1304"]
[PlyCount "67"]
[EventDate "2008.12.27"]
[EventType "team-swiss"]
[EventRounds "7"]
[EventCountry "GER"]
[SourceTitle "EXT 2010"]
[Source "ChessBase"]
[SourceDate "2010.11.25"]
[SourceVersion "1"]
[SourceVersionDate "2010.11.25"]
[SourceQuality "1"]
[WhiteTeam "Erlangen"]
[BlackTeam "Porta Westfalica"]
[WhiteTeamCountry "GER"]
[BlackTeamCountry "GER"]

1. e4 c5 2. Nf3 d6 3. d4 cxd4 4. Nxd4 Nf6 5. Nc3 g6 6. Be3 Bg7 7. f3 0-0 8. Qd2 Nc6 9. Bc4 Bd7 10. 0-0-0 Rc8 11. Bb3 Na5 12. Kb1 Nc4 13. Bxc4 Rxc4 14. g4 Qa5 15. Nd5 Qxd2 16. Nxf6+ Bxf6 17. Rxd2 Rfc8 18. Ne2 a5 19. Rc1 a4 20. Rd3 Bb5 21. Rd5 Ba6 22. a3 b5 23. Nf4 b4 24. Ra5 bxa3 25. Rxa6 Bxb2 26. Rd1 Rb8 27. Rb6 Rxb6 28. Bxb6 Rb4 29. Nd5 Rb5 30. Ka2 e6 31. Ne7+ Kf8 32. Nc8 e5 33. Bc7 Rc5 34. Bxd6+ 1-0

[Event "NRW-ch U14 Girls"]
[Site "Kranenburg"]
[Date "2008.03.29"]
[Round "7"]
[White "Schrader, Elanor"]
[Black "Mueller, Laura Margarita"]
[Result "1/2-1/2"]
[WhiteElo "1147"]
[BlackElo "1218"]
[PlyCount "30"]
[EventDate "2008.03.24"]
[EventType "swiss"]
[EventRounds "7"]
[EventCountry "GER"]
[SourceTitle "EXT 2009"]
[Source "ChessBase"]
[SourceDate "2008.11.26"]
[SourceVersion "1"]
[SourceVersionDate "2008.11.26"]
[SourceQuality "1"]

1. e4 e5 2. Nf3 d6 3. Bc4 Bg4 4. 0-0 Nf6 5. Re1 Nc6 6. c3 Be7 7. d4 exd4 8. cxd4 Bxf3 9. Qxf3 Nxd4 10. Qg3 Rg8 11. Qa3 Qd7 12. Bb3 Rf8 13. Be3 Nc6 14. Nc3 a6 15. Bg5 0-0-0 1/2-1/2

[Event "GER-chT U14 Girls"]
[Site "Stuttgart"]
[Date "2007.12.30"]
[Round "7.1"]
[White "Gheng, Hannelore"]
[Black "Schrader, Elanor"]
[Result "1-0"]
[WhiteElo "1596"]
[BlackElo "1147"]
[PlyCount "51"]
[EventDate "2007.12.27"]
[EventType "team-swiss"]
[EventRounds "7"]
[EventCountry "GER"]
[SourceTitle "EXT 2009"]
[Source "ChessBase"]
[SourceDate "2008.11.26"]
[SourceVersion "1"]
[SourceVersionDate "2008.11.26"]
[SourceQuality "1"]
[WhiteTeam "Heumaden U14 Girls"]
[BlackTeam "Porta Westfalica U14 Girls"]
[WhiteTeamCountry "GER"]
[BlackTeamCountry "GER"]

1. e4 c6 2. d4 d5 3. Bd3 dxe4 4. Bxe4 Nf6 5. Bf3 Bf5 6. Nc3 e6 7. Nge2 c5 8. Bxb7 Nbd7 9. Bxa8 Qxa8 10. 0-0 Bd6 11. Nb5 Qb8 12. Nxd6+ Qxd6 13. dxc5 Qxc5 14. c3 0-0 15. Qd4 Qc7 16. Rd1 Ng4 17. Qf4 Nge5 18. Kh1 Qc6 19. Nd4 Qd5 20. Be3 Ng6 21. Nxf5 Nxf4 22. Ne7+ Kh8 23. Nxd5 Nxd5 24. Bxa7 N7f6 25. c4 Nb4 26. Bc5 1-0

[Event "GER-chT U14 Girls"]
[Site "Stuttgart"]
[Date "2007.12.28"]
[Round "4.1"]
[White "Schrader, Elanor"]
[Black "Schmalhorst, Sophia"]
[Result "0-1"]
[WhiteElo "1147"]
[BlackElo "1312"]
[PlyCount "114"]
[EventDate "2007.12.27"]
[EventType "team-swiss"]
[EventRounds "7"]
[EventCountry "GER"]
[SourceTitle "EXT 2009"]
[Source "ChessBase"]
[SourceDate "2008.11.26"]
[SourceVersion "1"]
[SourceVersionDate "2008.11.26"]
[SourceQuality "1"]
[WhiteTeam "Porta Westfalica U14 Girls"]
[BlackTeam "Rossdorf SC Ladja U14 Girls"]
[WhiteTeamCountry "GER"]
[BlackTeamCountry "GER"]

1. e4 e5 2. Nf3 Nc6 3. Bb5 a6 4. Ba4 Bc5 5. 0-0 d6 6. c3 Bb6 7. d4 exd4 8. cxd4 Bd7 9. Nc3 Nf6 10. Bg5 Ne7 11. Bxd7+ Nxd7 12. Nd5 f6 13. Nxe7 Qxe7 14. Bh4 0-0-0 15. Qc2 Kb8 16. Rac1 Rc8 17. Rfe1 Rhe8 18. e5 g5 19. exf6 Qxf6 20. Bxg5 Qg7 21. Rxe8 Rxe8 22. Be3 Rg8 23. g3 Nf6 24. a4 Nd5 25. Qe4 Nxe3 26. Qxe3 h5 27. b4 Rh8 28. a5 Ba7 29. Qe4 h4 30. Nxh4 Qxd4 31. Qxd4 Bxd4 32. Ng6 Rg8 33. Ne7 Rf8 34. Rf1 c5 35. bxc5 dxc5 36. Kh1 Rxf2 37. Rxf2 Bxf2 38. Kg2 Be1 39. Kf1 Bxa5 40. Ke2 Kc7 41. Kd3 b5 42. Nd5+ Kd6 43. Nc3 c4+ 44. Kd4 Bb6+ 45. Ke4 Kc5 46. g4 Ba5 47. Nd5 b4 48. Nxb4 Kxb4 49. g5 Kb3 50. g6 Bc3 51. h4 Bg7 52. Kf5 c3 53. Ke6 c2 54. Kf7 Bh6 55. g7 Bxg7 56. Kxg7 c1Q 57. h5 Qg5+ 0-1

[Event "NRW-ch U14 Girls"]
[Site "Kranenburg"]
[Date "2007.04.09"]
[Round "1"]
[White "Hohmann, Louisa"]
[Black "Schrader, Elanor"]
[Result "1-0"]
[WhiteElo "1643"]
[BlackElo "1083"]
[PlyCount "61"]
[EventDate "2007.04.09"]
[EventType "swiss"]
[EventRounds "7"]
[EventCountry "GER"]
[SourceTitle "EXT 2008"]
[Source "ChessBase"]
[SourceDate "2007.11.25"]
[SourceVersion "1"]
[SourceVersionDate "2007.11.25"]
[SourceQuality "1"]

1. e4 c6 2. d4 d5 3. Nc3 Nf6 4. exd5 cxd5 5. Bf4 a6 6. Nf3 Bg4 7. Be2 Nc6 8. 0-0 e6 9. Re1 Bb4 10. h3 Bh5 11. Ne5 Bxe2 12. Rxe2 0-0 13. Qd3 Re8 14. Bg5 h6 15. Bf4 Bd6 16. Qd2 Qb6 17. Nxc6 Qxc6 18. Bxh6 g6 19. Qg5 Nh7 20. Qg4 Bf8 21. Bxf8 Kxf8 22. Re3 Qb6 23. Rf3 Ke7 24. Qh4+ Kd7 25. Qxh7 Rad8 26. Rxf7+ Kc8 27. Qxg6 Qxb2 28. Rb1 Qxc3 29. Rbxb7 Qc6 30. Qh7 Rd7 31. Rfxd7 1-0